000 00504nam a2200181Ia 4500
001 13307
003 IN-NITTTR
005 20251114233125.0
008 251113s9999||||xx |||||||||||||| ||eng||
040 _beng
040 _cIN-NITTTR
041 _aeng
082 _a025.04 H383I
100 _aHenderson, Faye
245 0 _aInformation sources 1982-83 :
_b the annual directory of the information industry association /
_cHenderson, Faye, Rosenau, Fred
700 _a Rosenau, Fred
942 _2ddc
_cBK
999 _c15943
_d15943